Central Library OPAC University of Rajshahi

Thermophiles : (Record no. 68401)

MARC details
000 -LEADER
fixed length control field 00960nam a2200277 a 4500
001 - CONTROL NUMBER
control field 68401
003 - CONTROL NUMBER IDENTIFIER
rucl marc code BD-RjUL
005 - DATE AND TIME OF LATEST TRANSACTION
control field 20211209081752.0
008 - FIXED-LENGTH DATA ELEMENTS--GENERAL INFORMATION
fixed length control field 860320s1986 nyua b 001 0 eng
020 ## - INTERNATIONAL STANDARD BOOK NUMBER
International Standard Book Number 0471820016 :
Terms of availability $45.00 (est.)
035 ## - SYSTEM CONTROL NUMBER
System control number (BD-RjUL)68611
040 ## - CATALOGING SOURCE
Original cataloging agency DLC
Transcribing agency DLC
Modifying agency DLC
-- BD-RjUL
Language of cataloging eng
041 ## - LANGUAGE CODE
Language code of text/sound track or separate title eng
082 00 - DEWEY DECIMAL CLASSIFICATION NUMBER
Edition number 23
Classification number 576
Author mark and year THE 1976
245 10 - TITLE STATEMENT
Title Thermophiles :
Remainder of title general, molecular, and applied microbiology /
Statement of responsibility, etc. edited by Thomas D. Brock.
260 ## - PUBLICATION, DISTRIBUTION, ETC. (IMPRINT)
Place of publication, distribution, etc. New York :
Name of publisher, distributor, etc. Wiley,
Date of publication, distribution, etc. c1986.
300 ## - PHYSICAL DESCRIPTION
Pagination xii, 316 p. :
Illustrations ill. ;
Size 24 cm.
504 ## - BIBLIOGRAPHY, ETC. NOTE
Bibliography, etc Includes bibliographies and index
650 #0 - SUBJECT ADDED ENTRY--TOPICAL TERM
Topical term or geographic name as entry element Thermophilic microorganisms.
9 (RLIN) 202783
Topical term or geographic name as entry element Thermophilic bacteria.
9 (RLIN) 202784
Topical term or geographic name as entry element Industrial microbiology.
9 (RLIN) 163466
700 1# - ADDED ENTRY--PERSONAL NAME
Personal name Brock, Thomas D.
830 ## - SERIES ADDED ENTRY--UNIFORM TITLE
Uniform title Wiley series in ecological and applied microbiology
942 ## - ADDED ENTRY ELEMENTS (KOHA)
Source of classification or shelving scheme Dewey Decimal Classification
Koha item type Books
Holdings
Lost status Source of classification or shelving scheme Damaged status Not for loan Collection code Permanent Location Current Location Shelving location Date acquired Source of acquisition Cost, normal purchase price Total Checkouts Full call number Date last seen Copy number Koha item type
  Dewey Decimal Classification   Not For Loan Non-fiction Central Library, University of Rajshahi Central Library, University of Rajshahi Reading Room 23/05/1989 Asia Foundation 0.00   576 THE 1976 02/04/2017 C-1 Books